000 00627nam a2200205 i 4500
001 104917
003 ES-MaACL
005 20230906183726.0
007 t|
008 060526s1958 xxk ||||1| eng d
080 _a811.124:801.6
100 1 _aCooper, Charles Gordon.
_940382
245 1 3 _aAn introduction to the latin hexameter /
_cby Charles Gordon Cooper.
250 _a1st. rd., repr.
260 _aMelbourne :
_bMacmillan,
_c1958.
300 _a70 p. ;
_c21 cm.
500 _aBiblioteca Jacinto Martínez Lacalle.
650 1 4 _aLengua latina-
_xMétrica y ritmo.
_914303
852 _aES-MaACL
_j2237-F-1
_bR.137665
999 _c104917
_d104917